Deep calling : (Record no. 25266)
[ view plain ]
| 000 -LEADER | |
|---|---|
| fixed length control field | 00766nam a2200241Ki 4500 |
| 001 - CONTROL NUMBER | |
| control field | 1262666632 |
| 003 - CONTROL NUMBER IDENTIFIER | |
| control field | AUA.1 |
| 005 - DATE AND TIME OF LATEST TRANSACTION | |
| control field | 20251120174849.0 |
| 008 - FIXED-LENGTH DATA ELEMENTS--GENERAL INFORMATION | |
| fixed length control field | 210803s2020 nbu b 000 0 eng d |
| 020 ## - INTERNATIONAL STANDARD BOOK NUMBER | |
| International Standard Book Number | 9781629097619 |
| 020 ## - INTERNATIONAL STANDARD BOOK NUMBER | |
| International Standard Book Number | 1629097616 |
| 035 ## - SYSTEM CONTROL NUMBER | |
| System control number | (OCoLC)1262666632 |
| 040 ## - CATALOGING SOURCE | |
| Original cataloging agency | EXN |
| Language of cataloging | eng |
| Description conventions | rda |
| Transcribing agency | EXN |
| 050 ## - LIBRARY OF CONGRESS CALL NUMBER | |
| Classification number | BV4520 |
| Item number | .V56 2020 |
| 100 1# - MAIN ENTRY--PERSONAL NAME | |
| Personal name | VinCross, Tara J. |
| Relator term | author. |
| 245 10 - TITLE STATEMENT | |
| Title | Deep calling : |
| Remainder of title | on being & growing disciples / |
| Statement of responsibility, etc | Tara J. VinCross. |
| 260 ## - PUBLICATION, DISTRIBUTION, ETC. (IMPRINT) | |
| Place of publication, distribution, etc | [Lincoln, NE] : |
| Name of publisher, distributor, etc | AdventSource, |
| Date of publication, distribution, etc | ©2020. |
| 300 ## - PHYSICAL DESCRIPTION | |
| Extent | 251 pages : |
| Other physical details | illustrated ; |
| Dimensions | 22 cm. |
| 650 #0 - SUBJECT ADDED ENTRY--TOPICAL TERM | |
| Topical term or geographic name as entry element | Discipling (Christianity) |
| 650 #0 - SUBJECT ADDED ENTRY--TOPICAL TERM | |
| Topical term or geographic name as entry element | Clergy |
| General subdivision | Appointment, call, and election. |
| 650 #0 - SUBJECT ADDED ENTRY--TOPICAL TERM | |
| Topical term or geographic name as entry element | Christian life. |
| 942 ## - ADDED ENTRY ELEMENTS (KOHA) | |
| Source of classification or shelving scheme | Library of Congress Classification |
| Koha item type | Books |
| Classification part | BV 4520 |
| Item part | .V56 2020 |
| Withdrawn status | Lost status | Source of classification or shelving scheme | Damaged status | Not for loan | Collection code | Home library | Current library | Shelving location | Date acquired | Source of acquisition | Cost, normal purchase price | Serial Enumeration / chronology | Total Checkouts | Full call number | Barcode | Date last seen | Cost, replacement price | Price effective from | Koha item type |
|---|---|---|---|---|---|---|---|---|---|---|---|---|---|---|---|---|---|---|---|
| Library of Congress Classification | Books | Judith Thomas Library | Judith Thomas Library | General Stacks | 20/11/2025 | Bought by JTL | 14.00 | AUA28014 | BV 4520 .V56 2020 | AUA28014 | 20/11/2025 | 14.00 | 20/11/2025 | Books |